Normal view
MARC view
- العقود -- عقود الايجار -- أصول المحاكم -- التعاقد -- الإلتزامات -- القانون المدني
Entry Topical Term
001 - CONTROL NUMBER
- control field: 12443
003 - CONTROL NUMBER IDENTIFIER
- control field: JO-AjAnu
005 - DATE AND TIME OF LATEST TRANSACTION
- control field: 20230606072308.0
008 - FIXED-LENGTH DATA ELEMENTS
- fixed length control field: 230606|| aca||aabn | a|a d
040 ## - CATALOGING SOURCE
- Original cataloging agency: JO-AjAnu
- Transcribing agency: JO-AjAnu
150 ## - HEADING--TOPICAL TERM
- Topical term or geographic name entry element: العقود -- عقود الايجار -- أصول المحاكم -- التعاقد -- الإلتزامات -- القانون المدني
670 ## - SOURCE DATA FOUND
- Source citation: Work cat.: (JO-AjAnu)6406: العبودي ، عباس , author 12442, شرح أحكام العقود المسماة في القانون المدني : البيع والايجار " دراسة مقارنة معززة بالتطبيقات القضائية "